LEADER 01022nam0-22003371i-450- 001 990007548670403321 005 20141022115833.0 035 $a000754867 035 $aFED01000754867 035 $a(Aleph)000754867FED01 035 $a000754867 100 $a20030814d1974----km-y0itay50------ba 101 0 $aita 200 1 $aQui Mosca$ftesto di Enzo Bettiza$gfotografie bianco e nero di Gianni Berego Gardin$gfotografie a colori della Agenzia di Stampa Novosti 210 $aMilano$cTouring Club Italiano$d1974 215 $a64 p.$cill.$d28 cm 225 1 $aGrandi cittą del mondo 610 0 $aMosca 700 1$aBettiza,$bEnzo$f<1927- >$0159785 702 1$aBerengo Gardin,$bGianni$f<1930- > 801 0$aIT$bUNINA$gRICA$2UNIMARC 901 $aBK 912 $a990007548670403321 952 $aCONS.2 TCI 09(7)$bI.G. 9215$fILFGE 952 $a19.522$b7953$fDARST 952 $aHC 5/19$b11781$fDINGE 959 $aILFGE 959 $aDARST 959 $aDINGE 996 $aQui Mosca$9685704 997 $aUNINA LEADER 02791nam 2200589 450 001 9910463952903321 005 20200520144314.0 010 $a0-7391-8885-2 035 $a(CKB)2670000000544771 035 $a(EBL)1636024 035 $a(SSID)ssj0001131838 035 $a(PQKBManifestationID)12519953 035 $a(PQKBTitleCode)TC0001131838 035 $a(PQKBWorkID)11144656 035 $a(PQKB)10633173 035 $a(MiAaPQ)EBC1636024 035 $a(Au-PeEL)EBL1636024 035 $a(CaPaEBR)ebr10852583 035 $a(CaONFJC)MIL584941 035 $a(OCoLC)874029535 035 $a(EXLCZ)992670000000544771 100 $a20140410h20142014 uy 0 101 0 $aeng 135 $aur|n|---||||| 181 $ctxt 182 $cc 183 $acr 200 14$aThe cavalier presidency $eexecutive power and prerogative in times of crisis /$fJustin P. DePlato 210 1$aLanham, Maryland ;$aPlymouth, England :$cLexington Books,$d2014. 210 4$d©2014 215 $a1 online resource (233 p.) 300 $aDescription based upon print version of record. 311 $a1-4985-3619-0 311 $a0-7391-8884-4 320 $aIncludes bibliographical references and index. 327 $aContents; Figures; Tables; Acknowledgments; Introduction; 1 The Theory of Executive Emergency Power; 2 American Perspective on Executive Emergency Powers; 3 George Washington's and Thomas Jefferson's Interpretations and Applications of Executive Emergency Power; 4 Presidents James Madison's and Andrew Jackson's Interpretations and Applications of Executive Emergency Power; 5 President Lincoln's Interpretation and Application of Executive Emergency Power; 6 George W. Bush's Interpretation and Application of Executive Emergency Power following the Attacks of September 11, 2001; 7 Conclusion 327 $aAfterwordReferences; Index; About the Author 330 $aIn The Cavalier Presidency, Justin P. DePlato argues that executive emergency power undermines the normal processes of democratic republicanism and harms the rule of law. DePlato analyzes the theory of executive emergency power across a wide breadth of philosophical history and reviews seven U.S. presidencies, concluding that presidents are becoming increasingly reckless when determining and using power during crisis. 606 $aWar and emergency powers$zUnited States 606 $aExecutive power$zUnited States 608 $aElectronic books. 615 0$aWar and emergency powers 615 0$aExecutive power 676 $a352.23/50973 700 $aDePlato$b Justin P.$0910620 801 0$bMiAaPQ 801 1$bMiAaPQ 801 2$bMiAaPQ 906 $aBOOK 912 $a9910463952903321 996 $aThe cavalier presidency$92038099 997 $aUNINA LEADER 01082nam a2200313 i 4500 001 991000121179707536 005 20020503114334.0 008 980223s1982 uk ||| | eng 020 $a019814718X 035 $ab10032800-39ule_inst 035 $aocm00001162$9ExL 040 $aDip.to Beni Culturali$bita 082 0 $a938.6 100 1 $aGriffin, Audrey$0152832 245 10$aSikyon /$cAudrey Griffin 260 $aOxford :$c1982 300 $a171 p., [8] p. of plates :$bill. ;$c23 cm. 490 0 $aOxford classical and philosophical monographs 500 $aIncludes index. 500 $aBibliography: p. [165]-167 650 4$aArt, Ancient - Greece - Sicyon (Extinct city) 650 4$aArt, Greek - Greece - Sicyon (Extinct city) 650 4$aSicyon (Extinct city) 907 $a.b10032800$b17-02-17$c31-05-02 912 $a991000121179707536 945 $aLE001 SG II 57$g1$i2001000191024$lle001$o-$pE0.00$q-$rl$s- $t0$u0$v0$w0$x0$y.i10036179$z31-05-02 996 $aSikyon$9177623 997 $aUNISALENTO 998 $ale001$b01-01-98$cm$da $e-$feng$guk $h0$i1